000 00825nas a2200301 4500
001 BR0806107
003 BR-BrBNA
005 20231205112218.0
007 ta
008 230509b bl.|||p| |||| 00| 00por d
040 _aBR-BrBNA
_bpor
_cBiblioteca Nacional de Agricultura
041 _a(En)
072 _aL74
100 1 _aRech, R.R.
100 1 _aSouza, S.F. de
100 1 _aSilva, M.C. da
100 1 _aMazzanti, A.
100 1 _aAlves, D.A.
100 1 _aBarros, C.S.L. de
245 1 _aSuprasellar germ cell tumor in a dog
650 _aCÃO
650 _aNEOPLASIA
650 _aSISTEMA NERVOSO
650 _aCÉLULA ANIMAL
773 0 _tCiência Rural (Brazil)
_xISSN 0103-8478
_g(May-Jun 2008), v. 38(3) p. 830-832
_wBR0806107
909 _a202311
_bLúcia
_c55
_dLúcia Elande
942 _2AGRIS
_n0
_cANA
999 _c196756
_d196756